000
00256 a2200097 4500
082
_a
624.16 SHA
100
_a
Sharma,J.L.
245
_a
Design of RCC Structures /
_c
J.L.Sharma
260
_a
New Delhi :
_c
Satya Prakashan,
_b
2001.
300
_a
480p. :
_b
ill . ;
_c
20 cm
650
_a
RCC design
999
_c
1173
_d
1173